000 00612nam a2200193 a 4500
005 20140412111350.0
008 050426s19uu xx 00 eng d
020 _a0-02-660943-6
050 _aTR(GS 372.4
_bF37 2000
100 _aFertig, Dennis
245 _aThe blimp crew :
_bdecodable book /
_cby Dennis Fertig ; illustrated by Len Epstein.
260 _aColumbus, Ohio :
_bSRA/McGraw-Hill,
_c2000.
300 _a8 p. ; ill.
440 _aSRA Open Court Reading
500 _aLevel C, Set 1, Book 13
650 _aReading
_xPhonetic
_xJuvenile literature
650 _aChildren stories
999 _c105307
_d105307